Secure Password Authentication Procedure Utilizing Vectored Passwoed List in Safe Repository/University of Derby: School of Informatics (Record no. 8542)
[ view plain ]
| 000 -LEADER | |
|---|---|
| fixed length control field | 01389cam a22001934a 4500 |
| 005 - ΗΜΕΡΟΜΗΝΙΑ ΚΑΙ ΩΡΑ ΤΕΛΕΥΤΑΙΑΣ ΕΝΗΜΕΡΩΣΗΣ | |
| Πεδίο ελέγχου | 20250605164339.0 |
| 008 - FIXED-LENGTH DATA ELEMENTS--GENERAL INFORMATION | |
| Πεδίο ελέγχου σταθερού μήκους | 250528s ||||||||||||||||||||||||d |
| 035 ## - SYSTEM CONTROL NUMBER | |
| System control number | 23541 |
| 040 ## - ΠΗΓΗ ΚΑΤΑΛΟΓΟΓΡΑΦΗΣΗΣ | |
| Φορέας πρωτότυπης καταλογογράφησης | MC Athens Campus Library |
| Γλώσσα καταλογογράφησης | Ελληνικά, Μοντέρνα (1453-) |
| Modifying agency | MC Athens Campus Library |
| Κανόνες περιγραφικής καταλογογράφησης | AACR2 |
| 245 1# - ΤΙΤΛΟΣ ΚΑΙ ΔΗΛΩΣΗ ΥΠΕΥΘΥΝΟΤΗΤΑΣ | |
| Τίτλος | Secure Password Authentication Procedure Utilizing Vectored Passwoed List in Safe Repository/University of Derby: School of Informatics |
| 260 ## - PUBLICATION, DISTRIBUTION, ETC. | |
| Date of publication, distribution, etc. | 2019 |
| 300 ## - PHYSICAL DESCRIPTION | |
| Extent | 42 |
| 520 ## - SUMMARY, ETC. | |
| Summary, etc. | Abstract, Acknowledgements, Introduction, Related Work, Historical Background, Smart Card, Lightweight Directory Access Control, Active Directory, Kerberos, Literature Review, Smart Card, Lightweight Directory Access Protocol, Naming Model, Information Model, Functional Model, Security Model, Active Directory, Kerberos, Security Features and Threats, Security Over LDAP, Bind Operation, Unbind Operation, Threats over LDAP, Kerberos' Security Features and Threats, Kerberos Password Handling, Threats against Kerberos, Main in the Middle Attack, Dictionary - Brute Force Attack, Advanced Persistent Threat, Social Engineering, Overview of the Proposed Solution, Implementation, LDAP, Active Dictionary, Limitations, Eliminated Threats, Discussion, Future Work, Conclusion, Bibliography, Appendices, List of Abbreviations. |
| 700 1# - ΠΡΟΣΘΕΤΗ ΑΝΑΓΡΑΦΗ--ΦΥΣΙΚΟ ΠΡΟΣΩΠΟ | |
| Personal name | Pikrammenos Ioannis A |
| 9 (RLIN) | 9116 |
| 700 1# - ΠΡΟΣΘΕΤΗ ΑΝΑΓΡΑΦΗ--ΦΥΣΙΚΟ ΠΡΟΣΩΠΟ | |
| Personal name | Tolis Panagiotis |
| 9 (RLIN) | 9117 |
| 942 ## - ADDED ENTRY ELEMENTS (KOHA) | |
| Koha item type | Διπλωματική εργασία |
| Τύπος τεκμηρίου | Βιβλιοθήκη | Τρέχουσα τοποθεσία | Barcode | Ημερομηνία απόκτησης | Ταξιθετικό σύμβολο | Αριθμός αντιτύπου | Κατάσταση απόσυρσης | Κατάσταση χαμένου | Κατάσταση κατεστραμμένου | Μη δανεισμός | Σύνολο δανεισμών | Ημερομηνία τελευταίας εμφάνισης | Η τιμή ισχύει από |
|---|---|---|---|---|---|---|---|---|---|---|---|---|---|
| Διπλωματική εργασία | MC Athens Campus Library | MC Athens Campus Library | 9780000085412 | 05/06/2025 | COMP 2019 (28) | 1 | 05/06/2025 | 05/06/2025 |